000 00339nam a22001457a 4500
003 MACL
005 20200717123623.0
008 200717b xxu||||| |||| 00| 0 eng d
040 _cMACL
100 _aYadav,Anurag
_979048
245 _aNews Broadcasting
260 _aDelhi
_bSaroj Books
_c2019
650 _aMedia
_979049
942 _2ddc
_cBK
999 _c62690
_d62690